| 000 | 00615nam a22002057a 4500 | ||
|---|---|---|---|
| 005 | 20171123111731.0 | ||
| 008 | 160912b xxu||||| |||| 00| 0 spa d | ||
| 020 | _a9789875913394 | ||
| 041 | _aspa | ||
| 082 | _a155 A774n | ||
| 100 |
_aArrebillaga, María Elisa _944599 |
||
| 245 | _aNeuropsicología clínica infantil: intervenciones terapéutucas en TGD, autismo, asperger, síndrome de Rett | ||
| 260 | _aColombia | ||
| 260 | _bBrujas | ||
| 300 | _a160 páginas | ||
| 650 |
_aNEUROPSICOLOGÍA _942349 |
||
| 650 |
_aTRASTORNO AUTÍSTICO _944600 |
||
| 650 |
_aDISCAPACIDAD INTELECTUAL _944601 |
||
| 942 | _cBK | ||
| 999 |
_c9977 _d9977 |
||